ARRUPE JESUIT UNIVERSITY

CORONAVIRUS -STOP THE SPREAD - CLEAN,DISINFECT,COVER

Joseph Conrad, a chronicle / (Record no. 120411)

MARC details
000 -LEADER
fixed length control field 01185cam a2200349 a 4500
001 - CONTROL NUMBER
control field 4223550
003 - CONTROL NUMBER IDENTIFIER
control field ARRUPE
005 - DATE AND TIME OF LATEST TRANSACTION
control field 20140410142038.0
008 - FIXED-LENGTH DATA ELEMENTS--GENERAL INFORMATION
fixed length control field 820521s1983 njuaf b s001 0beng
010 ## - LIBRARY OF CONGRESS CONTROL NUMBER
LC control number 82010193
020 ## - INTERNATIONAL STANDARD BOOK NUMBER
International Standard Book Number 0813509440 :
Terms of availability $80.00
020 ## - INTERNATIONAL STANDARD BOOK NUMBER
International Standard Book Number 0813509459 (pbk.)
040 ## - CATALOGING SOURCE
Original cataloging agency DLC
Transcribing agency DLC
Modifying agency DLC
041 1# - LANGUAGE CODE
Language code of text/sound track or separate title engpol
043 ## - GEOGRAPHIC AREA CODE
Geographic area code e-pl---
050 00 - LIBRARY OF CONGRESS CALL NUMBER
Classification number PR6005.O4
Item number Z7844313 1983
082 00 - DEWEY DECIMAL CLASSIFICATION NUMBER
Classification number 823/.912
Edition number 19
300 ## - PHYSICAL DESCRIPTION
Other physical details ill. ;
Dimensions 26 cm.
100 1# - MAIN ENTRY--PERSONAL NAME
Personal name Najder, Zdzisław.
9 (RLIN) 9885
240 10 - UNIFORM TITLE
Uniform title <a href="Życie Conrada-Korzeniowskiego.">Życie Conrada-Korzeniowskiego.</a>
Language of a work English
245 10 - TITLE STATEMENT
Title Joseph Conrad, a chronicle /
Statement of responsibility, etc by Zdzisław Najder.
260 ## - PUBLICATION, DISTRIBUTION, ETC. (IMPRINT)
Place of publication, distribution, etc New Brunswick, N.J. :
Name of publisher, distributor, etc Rutgers University Press,
Date of publication, distribution, etc c1983.
300 ## - PHYSICAL DESCRIPTION
Extent xxi, 647 p., [32] p. of plates :
500 ## - GENERAL NOTE
General note Translation of: Życie Conrada-Korzeniowskiego.
500 ## - GENERAL NOTE
General note Includes indexes.
504 ## - BIBLIOGRAPHY, ETC. NOTE
Bibliography, etc Bibliography: p. 609-619.
600 10 - SUBJECT ADDED ENTRY--PERSONAL NAME
Personal name Conrad, Joseph,
Dates associated with a name 1857-1924.
9 (RLIN) 9886
600 10 - SUBJECT ADDED ENTRY--PERSONAL NAME
Personal name Conrad, Joseph,
Dates associated with a name 1857-1924
General subdivision Knowledge
-- Poland.
9 (RLIN) 9887
650 #0 - SUBJECT ADDED ENTRY--TOPICAL TERM
Topical term or geographic name as entry element Authors, English
Chronological subdivision 20th century
General subdivision Biography.
9 (RLIN) 9888
651 #0 - SUBJECT ADDED ENTRY--GEOGRAPHIC NAME
Geographic name Poland
General subdivision In literature.
9 (RLIN) 9889
906 ## - LOCAL DATA ELEMENT F, LDF (RLIN)
a 7
b cbc
c orignew
d 1
e ocip
f 19
g y-gencatlg
942 ## - ADDED ENTRY ELEMENTS (KOHA)
Source of classification or shelving scheme Library of Congress Classification
Koha item type Monograph ( Printed materials)
Holdings
Withdrawn status Lost status Source of classification or shelving scheme Damaged status Not for loan Collection code Home library Current library Shelving location Date acquired Total Checkouts Full call number Barcode Date last seen Price effective from Koha item type
    Library of Congress Classification     Main Collection ARRUPE LIBRARY ARRUPE LIBRARY Main Collection 10/04/2014   PR6005.O4 Z7844313 1983 46500001677 10/04/2014 10/04/2014 Monograph ( Printed materials)

 

Arrupe Library. PO Box MP320 Mt Pleasant, Harare, Zimbabwe
263 242 745411|librarian@aju.ac.zw